| Tag |
First Indicator |
Second Indicator |
Subfields |
| LEADER |
00000cam a2200000 i 4500 |
| 001 |
in00001308613 |
| 005 |
20151005062054.0 |
| 007 |
he amu|||bucu |
| 008 |
820513s1886 mau b 000 0beng d |
| 035 |
|
|
|a (OCoLC)08425065
|
| 035 |
|
|
|9 AHB6104AM
|
| 040 |
|
|
|a UIU
|c UIU
|d OCL
|d TXA
|d UtOrBLW
|
| 049 |
|
|
|a TXAI
|
| 099 |
|
|
|a fiche C
|a 10712
|a no.1.1.1457
|
| 100 |
1 |
|
|a Stepniak, S.,
|d 1851-1895.
|
| 245 |
1 |
2 |
|a A female nihilist /
|c by Stepniak.
|
| 250 |
|
|
|a 3rd ed.
|
| 264 |
|
1 |
|a Boston :
|b Benj. R. Tucker, Publisher,
|c 1886.
|
| 300 |
|
|
|a 25 pages
|
| 336 |
|
|
|a text
|b txt
|2 rdacontent
|
| 337 |
|
|
|a microform
|b h
|2 rdamedia
|
| 338 |
|
|
|a microfiche
|b he
|2 rdacarrier
|
| 490 |
1 |
|
|a Radical Pamphlets in American Collections
|
| 533 |
|
|
|a Microfiche.
|b Alexandria, VA :
|c Chadwyck-Healey, Inc.,
|d 1986.
|e 1 microfiche ; 11 x 15 cm.
|
| 539 |
|
|
|a s
|b 1982
|d nyu
|e n
|
| 500 |
|
|
|a Microform.
|
| 600 |
1 |
0 |
|a Li︠u︡batovich, Olʹga Spiridonovna,
|d 1853-1917.
|
| 830 |
|
0 |
|a Radical Pamphlets in American Collections.
|
| 999 |
|
|
|a MARS
|
| 999 |
f |
f |
|s 82e9b134-f229-366d-a7e5-83e2829da3f2
|i e4d58991-222c-392a-958f-b0a781baaf12
|t 0
|
| 952 |
f |
f |
|p default
|a Texas A&M University
|b College Station
|c Sterling C. Evans Library
|d Evans: Microforms (3rd floor)
|t 0
|e fiche C 10712 no.1.1.1457
|h Other scheme
|i microform -- microfiche
|
| 998 |
f |
f |
|a fiche C 10712 no.1.1.1457
|t 0
|l Evans: Microforms (3rd floor)
|